Personnages Disney/Pixar en images - E - Statistiques

Statistiques générales
  • Ce quiz a été pris 852 fois
    298 depuis la dernière actualisation
  • Le résultat moyen est 9 sur 20
Statistiques - réponses
Par images Réponse % Correct
Elsa
100%
Esmeralda
89%
EVE
78%
Éric
76%
Edna Mode
71%
Edgar
62%
Envie
60%
Ernesto de la Cruz
50%
Eurêka
49%
Elena Castillo Flores
48%
Elio Solis
45%
Ellie Fredricksen
40%
Emily
21%
Elinor
18%
Éloïse
15%
Evinrude
12%
Eudora
8%
Einstein
6%
Ethan Clade
5%
El Chupacabra
3%
Aucun quiz correspondant
Distribution des résultats
% des personnes avec chaque résultat
Percentile par nombre de réponses
Votre historique - résultats
Vous n’avez pas pris ce quiz depuis la dernière actualisation